| 000 | 00468nam a22001697a 4500 | ||
|---|---|---|---|
| 020 | _a9781496346759 | ||
| 082 |
_a611.8 _bSPL |
||
| 100 |
_aSplittgerber, Ryan _9113288 |
||
| 245 |
_aSnell's Clinical Neuroanatomy / _cRyan Splittgerber |
||
| 250 | _a8th Edition. | ||
| 260 |
_aPhiladelphia : _bWolters Kluwer, _c2021. |
||
| 300 |
_a527 p. ; _bill, _c28 cm. |
||
| 563 | _aPBK. | ||
| 650 | _aNervous System | ||
| 650 |
_aAnatomy & histology _9113530 |
||
| 942 |
_2ddc _cBK |
||
| 999 |
_c595203 _d595203 |
||